| 000 -LEADER |
| fixed length control field |
00502nam a22001337a 4500 |
| 020 ## - INTERNATIONAL STANDARD BOOK NUMBER |
| ISBN |
9781800371194 |
| 082 ## - DEWEY DECIMAL CLASSIFICATION NUMBER |
| Classification number |
352.14 |
| Item number |
H23664 2023 |
| 245 ## - TITLE STATEMENT |
| Title |
Handbook on local and regional governance / edited by Filipe Teles. |
| 260 ## - PUBLICATION, DISTRIBUTION, ETC. (IMPRINT) |
| Place of publication |
Cheltenham, United Kingdom, UK : |
| Name of publisher |
Edward Elgar Publishing, |
| Year of publication |
c2023. |
| 300 ## - PHYSICAL DESCRIPTION |
| Number of Pages |
1 online resource, xvi, 516 pages : |
| Other physical details |
illustrations. |
| 500 ## - GENERAL NOTE |
| General note |
Includes bibliographical references and index. |
| 650 ## - SUBJECT ADDED ENTRY--TOPICAL TERM |
| Topical Term |
Local and regional governance -- Handbook. |
| 942 ## - ADDED ENTRY ELEMENTS (KOHA) |
| Koha item type |
Electronic Books |